Isètófábo ninu àsàyàn ewì òǹkòwé-bìnrin Yoruba
Saved in:
| Hovedforfatter: | |
|---|---|
| Format: | Bog |
| Sprog: | engelsk |
| Udgivet: |
Nigeria University Press,
2017
|
| Tags: |
Tilføj Tag
Ingen Tags, Vær først til at tagge denne postø!
|
MARC
| LEADER | 00000nam a22000007a 4500 | ||
|---|---|---|---|
| 008 | 211216b ||||| |||| 00| 0 eng d | ||
| 020 | |a 978-978-940-319-6 | ||
| 100 | |a ÀRÁNSÍ, Oládùnńké Ayòola. | ||
| 245 | |a Isètófábo ninu àsàyàn ewì òǹkòwé-bìnrin Yoruba |c Oladunnke Ayoola Aransi |g xi, 110p.; ill. | ||
| 260 | |b Nigeria University Press, |c 2017 |h Ibadan |i 690985 - Arts, |i 690986 |l PL8824 .Ar1 |m Yoruba language -Texts. |m Yoruba poetry. | ||
| 500 | |a “It includes bibliographical references”. | ||
| 942 | |a lcc |c BK |e Ifatola, J.O |f 16/12/2021 | ||
| 952 | |0 0 |1 0 |2 lcc |4 0 |6 PL8824 A R1 |7 0 |9 3972 |a ART |b HOL |c LP |d 2021-12-16 |l 0 |o PL8824 .Ar1 |p 2021-67695 |r 2021-12-16 00:00:00 |t 690985 - Arts, |w 2021-12-16 |y BK | ||
| 952 | |0 0 |1 0 |2 lcc |4 0 |6 PL8824 A R1 |7 0 |9 3973 |a HOL |b HOL |c LP |d 2021-12-16 |l 0 |o PL8824 .Ar1 |p 2021-67696 |r 2021-12-16 00:00:00 |t 690986 |w 2021-12-16 |y BK | ||
| 999 | |c 1994 |d 1994 | ||